Castillos de España : historias y leyendas

Gespeichert in:
Bibliographische Detailangaben
1. Verfasser: Piedrahita, Juan
Weitere Verfasser: Martínez Blas, Alejandro
Format: Buch
Sprache:Spanisch
Erschienen: Madrid : Magisterio Español, [s.a.].
Katalog:MANES:  Suchergebnis im Bibliothekskatalog
Schulbuchspezifische Eigenschaften:
Tags: Tag hinzufügen
Keine Tags, Fügen Sie den ersten Tag hinzu!
Hinzugefügt zu:24.11.1999
Geändert in:07.05.2025

MARC

LEADER 00000cam a2200000 i 4500
003 OSt
005 20250507134357.0
008 991125quuuu espa 000 0 spa d
040 |a uned  |b spa  |c entro-manes 
100 1 |a Piedrahita, Juan  |9 37058 
245 1 0 |a Castillos de España :   |b historias y leyendas /   |c Juan Piedrahita y Alejandro Martínez Blas 
260 |a Madrid :   |b Magisterio Español,   |c [s.a.]. 
300 |a 3 v. :   |b il.  |c 14x18cm 
505 0 |g Tomo I. --   |g Tomo II. --   |g Tomo III 
546 |a España 
561 |5 es-BUNED  |3 L.T. 3587  |a España. Fondo Manes UNED  |k MANES 
690 0 |a EyL  |a HI 
691 0 |a PRI 
700 1 |a Martínez Blas, Alejandro  |9 37060 
942 |2 ddc  |c BK 
999 |c 93041  |d 93041 
999 |c manes:93041  |d 93041